000 00723nam a2200205Ii 4500
003 JO-AjNU
008 230605s9999||||xx |||||||||||||| ||und||
040 _aJO-AjNU
_bara
_erda
_cJO-AjNU
041 _aara
050 1 4 _aLB1025.H3.1919
100 3 _aشعلان،محمد سليمان مؤلف/جادالله،سعاد م.مشارك/رضوان،محمد محمود م.مشارك,
_eauthor
_913014
245 0 0 _aبناء مناهج التدريس
250 _aط4
264 3 1 _aالقاهرة:دار المعارف بمصر،1919
300 _a264ص
336 _atext
_btxt
_2rdacontent
337 _aunmediated
_bn
_2rdamedia
338 _avolume
_bnc
_2rdacarrier
650 4 _aالتعليم-مناهج-مصر.
_913015
999 _aA3128
_c6696
_d6696